Nguyễn Bính và tôi
Đã lưu trong:
| 主要作者: | |
|---|---|
| 格式: | 圖書 |
| 語言: | Undetermined |
| 出版: |
Hà Nội
Văn hóa Thông tin
2000
|
| 主題: | |
| 標簽: |
添加標簽
沒有標簽, 成為第一個標記此記錄!
|
| Thư viện lưu trữ: | Trung tâm Học liệu Trường Đại học Cần Thơ |
|---|
| LEADER | 00590nam a2200217Ia 4500 | ||
|---|---|---|---|
| 001 | CTU_35826 | ||
| 008 | 210402s9999 xx 000 0 und d | ||
| 020 | |b 24.000đ | ||
| 082 | |a 809 | ||
| 082 | |b C121 | ||
| 100 | |a Bùi, Hạnh Cẩn | ||
| 245 | 0 | |a Nguyễn Bính và tôi | |
| 245 | 0 | |c Bùi Hạnh Cẩn | |
| 260 | |a Hà Nội | ||
| 260 | |b Văn hóa Thông tin | ||
| 260 | |c 2000 | ||
| 650 | |a Vietnamese poetry | ||
| 650 | |x History and criticism | ||
| 650 | |y 20th century | ||
| 904 | |i Minh, 000317 | ||
| 980 | |a Trung tâm Học liệu Trường Đại học Cần Thơ | ||